Programmable Logic Controllers : Industrial Control /

Salvato in:
Dettagli Bibliografici
Autori principali: Kamel, Khaled (Autore), Kamel, Eman (Autore)
Natura: Libro
Lingua:inglese
Pubblicazione: New York McGraw Hill 2014
Soggetti:
Tags: Aggiungi Tag
Nessun Tag, puoi essere il primo ad aggiungerne!!

MARC

LEADER 00000nam a22000003a 4500
001 0022432
003 SK-STU
005 20170302085050.1
007 ta
008 170302s ----xo-----e------000-0-----d
020 |a 978-0-07-181045-6 
040 |a STU  |b slo 
041 0 |a eng 
044 |a xxu 
100 1 |a Kamel, Khaled  |4 aut 
245 1 0 |a Programmable Logic Controllers :  |b Industrial Control /  |c aut. Khaled Kamel, Eman Kamel 
260 |a New York  |b McGraw Hill  |c 2014 
300 |a 419 s. 
650 0 7 |a programovateľné logické automaty 
700 1 |a Kamel, Eman  |4 aut 
996 |b 284M087157  |c M* 13887-1  |l MMKN  |s A  |a 24  |w 0022432_0001